000 00445nam a2200169Ia 4500
003 GCL
008 140319s9999 xx 000 0 eng d
040 _aGCL /
_cGCL
082 0 4 _a658
_bH M
100 1 _aHODGETTS, RICHARD M
245 1 0 _aMANAGEMENT, 3rd ed. /
_cHODGETTS, RICHARD M
700 1 _aKURATKO, DONALD F.
260 _a[S.N] :
_bHARCOURT BRACE JOVANOVICH, ،
_c1991
300 _a809 P.
650 0 4 _aMANAGEMENT
942 _2ddc
_cBK
999 _c17606
_d17606